00508 2200205 4500001002100000005001500021035002000036245003800056100001200094250001000106300002300116260004000139082000800179084001400187020001800201650001400219008004100233990001400274990001400288INLIS00000000000204120260423022804 a0010-04260000401 aPsikologi Perkembangan /cDesmita0 aDesmita acet X a285 hlm. ;c24 cm. aBandung :bRemaja Rosdakarya,c2016 a155 a155 DES p a979-692-385-8 4aPsikologi260423 0 ind  a201700248 a201700246